Tiêu chuẩn quốc tế ISO 14000 : (Chứng chỉ hệ thống quản lý môi trường)
Tài liệu giới thiệu về Bộ tiêu chuẩn ISO 14000; Các yêu cầu của tiêu chuẩn ISO 14000; Các bước xây dựng và triển khai hệ thống quản lý môi trường theo tiêu chuẩn ISO 14001.
Сохранить в:
| Соавтор: | |
|---|---|
| Формат: | |
| Язык: | Undetermined |
| Опубликовано: |
Hà Nội
Thế giới
2003
|
| Предметы: | |
| Метки: |
Добавить метку
Нет меток, Требуется 1-ая метка записи!
|
| Thư viện lưu trữ: | Trung tâm Học liệu Trường Đại học Cần Thơ |
|---|
| LEADER | 00968nam a2200217Ia 4500 | ||
|---|---|---|---|
| 001 | CTU_60343 | ||
| 008 | 210402s9999 xx 000 0 und d | ||
| 020 | |b 20000 | ||
| 082 | |a 363.70218 | ||
| 082 | |b Tr513 | ||
| 110 | |a Trung tâm năng suất Việt Nam | ||
| 245 | 0 | |a Tiêu chuẩn quốc tế ISO 14000 : | |
| 245 | 0 | |b (Chứng chỉ hệ thống quản lý môi trường) | |
| 245 | 0 | |c Trung tâm năng suất Việt Nam | |
| 260 | |a Hà Nội | ||
| 260 | |b Thế giới | ||
| 260 | |c 2003 | ||
| 520 | |a Tài liệu giới thiệu về Bộ tiêu chuẩn ISO 14000; Các yêu cầu của tiêu chuẩn ISO 14000; Các bước xây dựng và triển khai hệ thống quản lý môi trường theo tiêu chuẩn ISO 14001. | ||
| 650 | |a Environmental engineering,Environmental management | ||
| 904 | |i Minh, Năm | ||
| 980 | |a Trung tâm Học liệu Trường Đại học Cần Thơ | ||